000 01206cam a2200409 4500
001 a428152
003 DO-SdBNP
005 20250804131949.0
007 a428152
008 080613s2010 sp | |||| 000 f spa
015 _a
017 _a
_b
020 _a9788466318396
035 _a
040 _aBPMSU
_bspa
_cBPMSU
_e
041 1 _aspa
_h
080 _a
082 4 _a813.5
_bG618m 2010
_222
100 1 _aGolden, Arthur,
_d1956-.
_e autor
240 1 0 _aMemoirs of a geisha
_lEspañol
245 1 0 _aMemorias de una Geisha /
_cArthur Golden ; traducción de Pilar Vázquez
_h
250 _a9ª ed.
260 _c
264 _aMadrid :
_bEdiciones Generales,
_c2010
300 _a660 p. :
_c22 cm
336 _atexto
_btxt
_2rdacontent
337 _asin mediación
_bn
_2rdamedia
338 _avolumen
_bnc
_2rdacarrier
490 0 _aPunto de lectura,
_v58/1
590 _aInventariado, 2025/VM
650 7 _aMujeres
_xCondiciones sociale
_zJapón
_vNovela.
650 7 _aGeisha
_x
_vNovela.
651 _aJapón
_xVida social y costumbres
_vNovela.
700 1 _aVázquez, Pilar
_etraducción
910 _aVMateo V. Control de calidad. BPMSU
942 _2ddc
_cBK
999 _c10543
_d10543